[Event "WC-2015-S-00002"]
[Site "LSS email"]
[Date "2018.07.11"]
[Round "?"]
[White "Claridge, John"]
[Black "Malashenkov, Alexei"]
[Result "1/2-1/2"]
[WhiteElo "2484"]
[BlackElo "2512"]
[PlyCount "64"]
[EventDate "2015.06.10"]
[EventType "tourn (corr)"]
[EventRounds "12"]
[EventCountry "GER"]
[SourceTitle "Corr 2024"]
[Source "ChessBase"]
[SourceDate "2023.10.19"]
[SourceVersion "1"]
[SourceVersionDate "2023.10.19"]
[SourceQuality "1"]

1. Nf3 Nf6 2. c4 c5 3. Nc3 Nc6 4. g3 d5 5. d4 cxd4 6. Nxd4 e5 7. Nxc6 bxc6 8. Bg2 Rb8 9. Bg5 Rxb2 10. 0-0 Qa5 11. Qc1 Rb4 12. cxd5 Rc4 13. Qb1 Rb4 14. Qd3 Rd4 15. Qf3 Nxd5 16. Nxd5 cxd5 17. Rac1 Be6 18. Rc6 Bb4 19. Rxe6+ fxe6 20. Be3 Qc7 21. Bxd4 exd4 22. Bh3 Ke7 23. Qh5 Bc3 24. Rb1 Kd6 25. Rb3 Rf8 26. Qxh7 Ba5 27. Bg4 Bb6 28. Rf3 Rxf3 29. Bxf3 Qf7 30. Kg2 e5 31. Bh5 Qf6 32. f3 e4 1/2-1/2

[Event "WC-2015-S-00002"]
[Site "LSS email"]
[Date "2018.07.11"]
[Round "?"]
[White "Malashenkov, Alexei"]
[Black "Claridge, John"]
[Result "1-0"]
[WhiteElo "2512"]
[BlackElo "2484"]
[PlyCount "109"]
[EventDate "2015.06.10"]
[EventType "tourn (corr)"]
[EventRounds "12"]
[EventCountry "GER"]
[SourceTitle "Corr 2024"]
[Source "ChessBase"]
[SourceDate "2023.10.19"]
[SourceVersion "1"]
[SourceVersionDate "2023.10.19"]
[SourceQuality "1"]

1. e4 g6 2. d4 Bg7 3. Nc3 d6 4. Nf3 a6 5. Bc4 e6 6. 0-0 Ne7 7. a4 b6 8. d5 e5 9. Ne1 0-0 10. f4 exf4 11. Bxf4 h6 12. Be3 Nd7 13. Nf3 Kh7 14. Qe1 Ng8 15. h3 Qe7 16. Bd3 Bb7 17. Qd2 Ngf6 18. Bd4 Rae8 19. Rae1 Qd8 20. Rf2 Qe7 21. b3 Nc5 22. b4 Ncd7 23. Ref1 Rd8 24. Qe1 Ra8 25. Qa1 Rac8 26. Nd1 Rg8 27. c4 c5 28. bxc5 bxc5 29. Bc3 Rcf8 30. e5 Nxe5 31. Nxe5 dxe5 32. Bxe5 Nh5 33. Re2 Qh4 34. Bxg7 Rxg7 35. Rf3 f5 36. Qe5 Nf6 37. Ne3 Bc8 38. g3 Qh5 39. g4 Qg5 40. Qg3 Ne8 41. Ng2 Qd8 42. Nf4 Nf6 43. Kh1 Kg8 44. gxf5 Ne4 45. Bxe4 gxf5 46. Qf2 fxe4 47. Rxe4 Bf5 48. Re1 Qb8 49. Ne6 Bxe6 50. Rxf8+ Qxf8 51. Qxf8+ Kxf8 52. Rxe6 Rg3 53. Rxh6 Rc3 54. Rxa6 Rxc4 55. a5 1-0

[Event "WC-2015-S-00002"]
[Site "LSS email"]
[Date "2018.07.11"]
[Round "?"]
[White "Malashenkov, Alexei"]
[Black "Frendzas, Panayotis"]
[Result "1/2-1/2"]
[WhiteElo "2512"]
[BlackElo "2556"]
[PlyCount "65"]
[EventDate "2015.06.10"]
[EventType "tourn (corr)"]
[EventRounds "12"]
[EventCountry "GER"]
[SourceTitle "Corr 2024"]
[Source "ChessBase"]
[SourceDate "2023.10.19"]
[SourceVersion "1"]
[SourceVersionDate "2023.10.19"]
[SourceQuality "1"]

1. e4 c5 2. Nf3 d6 3. d4 cxd4 4. Nxd4 Nf6 5. Nc3 a6 6. Be3 Ng4 7. Bc1 Nf6 8. Be3 e5 9. Nb3 Be6 10. f3 h5 11. Qd2 Nbd7 12. Nd5 Bxd5 13. exd5 g6 14. Be2 Bg7 15. 0-0 b6 16. Kh1 0-0 17. Rae1 Re8 18. c4 Rc8 19. Qd1 a5 20. a4 Rb8 21. Qc2 Rc8 22. Bg5 Qc7 23. Qd2 Rb8 24. Bh4 Nh7 25. g4 hxg4 26. fxg4 Nc5 27. Nxc5 bxc5 28. Bd1 e4 29. b3 Bd4 30. Bf2 Bxf2 31. Qxf2 Re5 32. Re3 Rbe8 33. Kg2 1/2-1/2

[Event "WC-2015-S-00002"]
[Site "LSS email"]
[Date "2018.07.11"]
[Round "?"]
[White "Malashenkov, Alexei"]
[Black "Schlenther, Marco"]
[Result "1/2-1/2"]
[WhiteElo "2512"]
[BlackElo "2514"]
[PlyCount "61"]
[EventDate "2015.06.10"]
[EventType "tourn (corr)"]
[EventRounds "12"]
[EventCountry "GER"]
[SourceTitle "Corr 2024"]
[Source "ChessBase"]
[SourceDate "2023.10.19"]
[SourceVersion "1"]
[SourceVersionDate "2023.10.19"]
[SourceQuality "1"]

1. e4 c5 2. Nf3 d6 3. d4 cxd4 4. Nxd4 Nf6 5. Nc3 a6 6. Be3 e5 7. Nb3 Be6 8. h3 Nbd7 9. g4 h6 10. Qd2 Be7 11. 0-0-0 b5 12. f4 b4 13. Nd5 Nxe4 14. Qxb4 Bxd5 15. Rxd5 Ng3 16. Rg1 Nxf1 17. Rxf1 0-0 18. Kb1 Qc7 19. Rd3 a5 20. Rc3 Qd8 21. Qa4 exf4 22. Bxf4 Bf6 23. Rd3 Ne5 24. Bxe5 Bxe5 25. Nd4 Rb8 26. Rb3 d5 27. Nc6 Qd7 28. Re1 Rbe8 29. a3 Bf6 30. Rxe8 Rxe8 31. Qb5 1/2-1/2

[Event "WC-2015-S-00002"]
[Site "LSS email"]
[Date "2018.07.11"]
[Round "?"]
[White "Van Seben, Edgar"]
[Black "Malashenkov, Alexei"]
[Result "1/2-1/2"]
[WhiteElo "2501"]
[BlackElo "2512"]
[PlyCount "60"]
[EventDate "2015.06.10"]
[EventType "tourn (corr)"]
[EventRounds "12"]
[EventCountry "GER"]
[SourceTitle "Corr 2024"]
[Source "ChessBase"]
[SourceDate "2023.10.19"]
[SourceVersion "1"]
[SourceVersionDate "2023.10.19"]
[SourceQuality "1"]

1. d4 Nf6 2. c4 g6 3. Nc3 Bg7 4. e4 d6 5. Nf3 0-0 6. Be2 e5 7. 0-0 Nc6 8. d5 Ne7 9. Ne1 Nd7 10. Be3 f5 11. f3 f4 12. Bf2 g5 13. Rc1 Rf7 14. Nd3 Nf6 15. c5 Ng6 16. Kh1 Bf8 17. Rg1 Kh8 18. cxd6 cxd6 19. g3 fxg3 20. hxg3 g4 21. Be3 gxf3 22. Bxf3 Ng8 23. Bg4 Bh6 24. Bxh6 Nxh6 25. Bxc8 Qxc8 26. Qh5 Ng4 27. Nb5 Qf8 28. Qxg4 Qh6+ 29. Kg2 Qd2+ 30. Kh1 Qh6+ 1/2-1/2